000 00877nam a2200241Ia 4500
001 17738
003 GE_BSU
008 181216s||||||||xx |||||||||||||| ||und||
020 _a9789941459283
040 _cGE_BSU
080 _a663.95(042.4)
100 _aფრუიძე, მ., ბენდელიანი, ე.
245 _aჩაის დეგუსტაცია-ტიტესტერია
245 _bდამხმ.სახელმძღვანელო
245 _cრედ.: ე.ბენდელიანი
260 _aქუთაისი
260 _bაკაკი წერეთლის სახ. უნ-ტი
260 _c2015
300 _a200 გვ. ილ. 21სმ.
300 _eბიბლ.გვ.193-196
653 _aჩაის დეგუსტაცია-ტიტესტერია
942 _cBK
999 _c50786
_d50786